Classic data structures in C++ /

Salvato in:
Dettagli Bibliografici
Autore principale: Budd, Timothy
Natura: Libro
Pubblicazione: Reading, Mass. : Addison-Wesley Pub. Co., c1994.
Soggetti:
Tags: Aggiungi Tag
Nessun Tag, puoi essere il primo ad aggiungerne!!

MARC

LEADER 00000cam a2200000 a 4500
020 |a 0201508893  |c TZs.117950/- 
040 |a MUL  |b eng  |e AACR 
082 0 0 |a 005.7 BUD 
100 1 |a Budd, Timothy. 
245 1 0 |a Classic data structures in C++ /  |c Timothy A. Budd. 
260 |a Reading, Mass. :  |b Addison-Wesley Pub. Co.,  |c c1994. 
300 |a xviii, 543 p. :  |b ill. ;  |c 25 cm. 
504 |a Includes bibliographical references (p. 533-537) and index. 
505 |a I. Terms, Tools, and Technology 1. Engineering Software 2. Creating Software Components 3. Algorithms Descriptions of Behavior II. Analysis, Algorithms, and Abstractions 4. Strings An Example ADT 5. Classification of Collections 6. Vectors and Component Reuse 7. Inheritance Power Through Polymorphism 8. Lists A Dynamic Data Structure 9. Stacks and Queues Higher-Level Abstractions 10. Trees A Nonlinear Data Structure 11. Searching 12. Priority Queues 13. Hash Tables 14. Sets and Bags Unordered Collections 15. Dictionaries and Tables 16. Graphs 17. Files External Collections Appendix A Catalogue of Data Structures Appendix B If C++ Is the Solution, Then What Is the Problem? Appendix C Timing Data for Sorting Algorithms Appendix D Table of Various Functions 
650 0 |a C++ (Computer program language) 
650 0 |a Data structures (Computer science) 
942 |c BK 
999 |c 6826  |d 6826